[Event "Ruhrgebiet Regionalliga 1112"]
[Site "Nordrheinwestfalen"]
[Date "2012.03.18"]
[Round "8.8"]
[White "Stachnik, Adam"]
[Black "Schwenke, Markus"]
[Result "0-1"]
[WhiteElo "1779"]
[BlackElo "1938"]
[PlyCount "194"]
[EventDate "2011.09.25"]
[EventType "team-tourn"]
[EventRounds "9"]
[EventCountry "GER"]
[SourceTitle "EXT 2020"]
[Source "ChessBase"]
[SourceDate "2019.10.17"]
[SourceVersion "1"]
[SourceVersionDate "2019.10.17"]
[SourceQuality "1"]
[WhiteTeam "Bochum SG III"]
[BlackTeam "Holsterhausen SK"]
[WhiteTeamCountry "GER"]
[BlackTeamCountry "GER"]

1. e4 c6 2. d4 d5 3. Nc3 dxe4 4. Nxe4 Nf6 5. Nxf6+ exf6 6. Bc4 Bd6 7. Qe2+ Qe7 8. Qxe7+ Kxe7 9. Ne2 Re8 10. 0-0 Bf5 11. Bb3 a5 12. a4 Na6 13. Bd2 Nb4 14. Bxb4 axb4 15. Ng3 Bg6 16. Rfe1+ Kf8 17. Kf1 h5 18. Kg1 Rad8 19. Ne2 Re4 20. f3 Re7 21. g3 Rde8 22. Kf1 h4 23. f4 hxg3 24. hxg3 Bf5 25. Ng1 g5 26. Rxe7 Rxe7 27. fxg5 fxg5 28. Kf2 Kg7 29. Nf3 f6 30. Re1 Rxe1 31. Nxe1 Be4 32. Nf3 Kg6 33. Ne1 f5 34. Bc4 Kf6 35. Be2 c5 36. dxc5 Bxc5+ 37. Kf1 Bd4 38. b3 f4 39. gxf4 gxf4 40. Nd3 f3 41. Bd1 Kf5 42. Nxb4 Kf4 43. Nd3+ Ke3 44. Ne1 Bc3 45. Nd3 Bf5 46. Nf2 Be5 47. Nh1 Bh2 48. Nf2 Bg3 49. Nh1 Bh3+ 50. Kg1 f2+ 51. Nxf2 Bxf2+ 52. Kh2 Bd7 53. Kg2 Be1 54. Bh5 Bb4 55. Bg6 Bc6+ 56. Kf1 Kd2 57. Kf2 Bc5+ 58. Kg3 Ke3 59. c3 Bd6+ 60. Kg4 Be5 61. c4 Kd4 62. Bf7 Bd6 63. Kf5 Bc5 64. Be6 b6 65. Bf7 Kc3 66. Bd5 Bd7+ 67. Ke4 Kxb3 68. Kd3 Bxa4 69. Kd2 Be8 70. Kd3 Bg6+ 71. Kd2 Kb4 72. Be6 Bd4 73. Bg8 Bc3+ 74. Ke3 Kc5 75. Be6 Bc2 76. Bf7 Bb4 77. Be6 Bb3 78. Kd3 b5 79. cxb5 Bxe6 80. Ke4 Kxb5 81. Ke5 Bb3 82. Kd4 Kc6 83. Ke5 Bc5 84. Ke4 Bc4 85. Ke5 Bd5 86. Kf5 Bd4 87. Kf4 Kd6 88. Kf5 Be5 89. Kg5 Be4 90. Kg4 Ke6 91. Kg5 Bf5 92. Kh5 Bf4 93. Kh4 Kf6 94. Kh5 Bg3 95. Kh6 Bg4 96. Kh7 Kf7 97. Kh8 Bf4 0-1

[Event "Oberliga Ost-A 0708"]
[Site "Germany"]
[Date "2007.11.25"]
[Round "4.8"]
[White "Feldmann, Michael"]
[Black "Schwenke, Markus"]
[Result "1/2-1/2"]
[WhiteElo "2117"]
[BlackElo "2104"]
[PlyCount "24"]
[EventDate "2007.09.23"]
[EventType "team-tourn"]
[EventRounds "11"]
[EventCountry "GER"]
[SourceTitle "EXT 2009"]
[Source "ChessBase"]
[SourceDate "2008.11.26"]
[SourceVersion "1"]
[SourceVersionDate "2008.11.26"]
[SourceQuality "1"]
[WhiteTeam "Halle USV II"]
[BlackTeam "Magdeburg Aufbau Elbe"]
[WhiteTeamCountry "GER"]
[BlackTeamCountry "GER"]

1. d4 c6 2. Nf3 d5 3. c4 Nf6 4. Nc3 e6 5. cxd5 exd5 6. Bg5 h6 7. Bh4 Nbd7 8. e3 Qa5 9. Bd3 Bb4 10. Qc2 0-0 11. 0-0 Re8 12. a3 Bxc3 1/2-1/2

[Event "Dresden ZMD op"]
[Site "Dresden"]
[Date "2003.07.29"]
[Round "5"]
[White "Schwenke, Markus"]
[Black "Schulze, Dorothee"]
[Result "1/2-1/2"]
[WhiteElo "2087"]
[BlackElo "1615"]
[PlyCount "117"]
[EventDate "2003.07.25"]
[EventType "swiss"]
[EventRounds "9"]
[EventCountry "GER"]
[SourceTitle "EXT 2004"]
[Source "ChessBase"]
[SourceDate "2003.11.25"]
[SourceVersion "1"]
[SourceVersionDate "2003.11.25"]
[SourceQuality "1"]

1. e4 c5 2. c4 Nc6 3. Nc3 Nf6 4. g3 g6 5. Bg2 Bg7 6. Nge2 0-0 7. 0-0 d6 8. d3 Nd4 9. Rb1 Bd7 10. Be3 e5 11. b4 b6 12. f4 Ng4 13. Bd2 Qc7 14. Nd5 Qd8 15. h3 Nf6 16. Nec3 Nxd5 17. Nxd5 Rc8 18. g4 f5 19. gxf5 gxf5 20. bxc5 dxc5 21. Kh2 Kh8 22. Rg1 fxe4 23. Bxe4 Qh4 24. Qf1 exf4 25. Be1 Qh5 26. h4 Qe2+ 27. Qxe2 Nxe2 28. Rg5 Nd4 29. Bc3 Rf7 30. Rbg1 Ne6 31. Rxg7 Nxg7 32. h5 Rc6 33. Nxf4 Rd6 34. Rg5 Kg8 35. Bd5 Rxd5 36. Nxd5 Kf8 37. h6 Ne6 38. Rg2 Nf4 39. Bg7+ Ke8 40. Nxf4 Rxf4 41. Re2+ Kf7 42. Kg3 Rg4+ 43. Kf3 Rg6 44. Kf4 Rd6 45. Re3 Ba4 46. Rg3 Bc2 47. Ke4 Ke6 48. Bc3 Rd7 49. Bd2 Rd4+ 50. Kf3 Bxd3 51. Be3 Rd7 52. Rg4 Rf7+ 53. Kg3 Be2 54. Re4+ Kf5 55. Rf4+ Kg6 56. Re4 a6 57. Bf4 Bd3 58. Re6+ Rf6 59. Re7 1/2-1/2